History Quiz

Random History or World Quiz

World War I or World War II? Quiz Stats

 Plays Quiz Updated Apr 24, 2015

Score 0/20 Timer 04:00
0 Plays Today
Which War... World War I (A) or World War II (B)? % Correct
Operation Overlord, aka D-Day Invasion???
91.8%
First use of poison gas in battle???
88.3%
Officially ended with the Versailles Treaty???
82.7%
The famed Red Baron amasses 80 kills in his career as flying ace???
81.4%
Subject of the book 'All Quiet on the Western Front'???
81%
Followed by the formation of the North Atlantic Treaty Organization???
80.2%
Sinking of the passenger liner Lusitania???
80%
Battle of Britain: First all-air battle in history???
79%
Battle of Verdun???
78%
Operation Barbarossa???
77.9%
Which War... World War I (A) or World War II (B)? % Correct
Battle of the Bulge???
77.4%
Battle of Gallipoli???
76.9%
Yalta Conference???
76.8%
American Expeditionary Force led by General John Pershing???
74.9%
Followed by the creation of the United Nations???
74%
Subject of the book 'Catch-22'???
72.7%
Second Battle of the Marne???
70.9%
Creation of the original 'Keep Calm and Carry On' poster???
64.4%
Germany breaches Maginot Line???
61.6%
Germany utilizes a modified Schlieffen Plan for two-front war???
55.3%

You're not logged in!

Compare scores with friends on all Sporcle quizzes.
OR
Log In

You Might Also Like...

Show Comments

Extras

Top Quizzes Today


Score Distribution

Your Account Isn't Verified!

In order to create a playlist on Sporcle, you need to verify the email address you used during registration. Go to your Sporcle Settings to finish the process.

Report this User

Report this user for behavior that violates our Community Guidelines.

Details: